| 000 | 00508nam a22001937a 4500 | ||
|---|---|---|---|
| 003 | CEME | ||
| 005 | 20210628203513.0 | ||
| 008 | 210120b xxu||||| |||| 00| 0 eng d | ||
| 020 | _a978-81-31705162 | ||
| 040 | _c. | ||
| 082 | _a651.7 TAY | ||
| 100 |
_aTaylor, Shirley _965868 |
||
| 245 | _aCommunication for business, a practical approach | ||
| 250 | _a4TH | ||
| 260 |
_aINDIA _bPEARSON EDUCATION ASIA _c2008 |
||
| 300 | _aXIX 429P | ||
| 650 |
_aCOMMUNICATION FOR BUSINESS _965869 |
||
| 942 |
_cBK _2ddc |
||
| 999 |
_c573955 _d573955 |
||